[Event "72nd ch-RUS 2019"]
[Site "Izhevsk RUS"]
[Date "2019.08.17"]
[Round "7"]
[White "Alekseenko, Kirill"]
[Black "Inarkiev, Ernesto"]
[Result "1/2-1/2"]
[WhiteElo "2668"]
[BlackElo "2682"]
[PlyCount "109"]
[EventDate "2019.08.10"]

1. e4 e5 2. Nf3 Nc6 3. Bb5 a6 4. Ba4 Nf6 5. O-O Nxe4 6. d4 b5 7. Bb3 d5 8. dxe5
Be6 9. c3 Be7 10. Nbd2 Nc5 11. Bc2 d4 12. Nb3 d3 13. Bb1 Nxb3 14. axb3 Bf5 15.
b4 O-O 16. h3 Qd7 17. g4 Bg6 18. Bf4 a5 19. bxa5 Rxa5 20. Rxa5 Nxa5 21. e6 fxe6
22. Ne5 Qd5 23. Bg3 d2 24. Bxg6 hxg6 25. Nxg6 Rf7 26. Nf4 Qd6 27. Ng6 Qd5 28.
Nf4 Qd7 29. Qc2 Bg5 30. Ng2 Rf3 31. Rd1 Qd3 32. Qxd3 Rxd3 33. Bf4 Bxf4 34. Nxf4
Rd6 35. Kf1 Kf7 36. Ke2 Nb3 37. Nd3 Rd5 38. f4 g5 39. fxg5 Rxg5 40. Kf3 Rd5 41.
Ke4 c5 42. h4 c4 43. Ne5+ Kf6 44. g5+ Kg7 45. Nf3 Kg6 46. Ke3 Kf5 47. Nd4+ Nxd4
48. cxd4 Kg4 49. g6 Kxh4 50. Rh1+ Kg3 51. Kxd2 Rxd4+ 52. Ke3 Rd3+ 53. Ke4 Kg2
54. Rh5 Rg3 55. Rxb5 1/2-1/2

[Event "72nd ch-RUS 2019"]
[Site "Izhevsk RUS"]
[Date "2019.08.17"]
[Round "7"]
[White "Sarana, Alexey"]
[Black "Jakovenko, Dmitry"]
[Result "1/2-1/2"]
[WhiteElo "2655"]
[BlackElo "2704"]
[PlyCount "107"]
[EventDate "2019.08.10"]

1. d4 Nf6 2. c4 e6 3. Nf3 d5 4. Nc3 Be7 5. Bf4 O-O 6. Qc2 c5 7. dxc5 Na6 8. Rd1
Nxc5 9. cxd5 exd5 10. e3 Be6 11. Be5 Rc8 12. Bd3 Nce4 13. O-O Bb4 14. Qa4 Bxc3
15. bxc3 Nxc3 16. Bxc3 Rxc3 17. Qxa7 Qa8 18. Qd4 Ra3 19. Bb1 Bg4 20. Qf4 Qb8
21. Rd4 Qxf4 22. Rxf4 Bxf3 23. gxf3 Rc8 24. Rb4 Rc7 25. Rd1 Kf8 26. Rd2 Ke7 27.
Rdb2 Ra7 28. h4 g6 29. Bc2 Kd6 30. Bb3 Rc5 31. Kg2 b5 32. Bd1 Ne8 33. Rxb5 Rxb5
34. Rxb5 Rxa2 35. Rxd5+ Kxd5 36. Bb3+ Kd6 37. Bxa2 Ke7 38. Kg3 h6 39. Bb3 f5
40. Ba4 Nd6 41. Bc6 Kf6 42. f4 g5 43. fxg5+ hxg5 44. hxg5+ Kxg5 45. f4+ Kf6 46.
Kf3 Nc4 47. Ke2 Nd6 48. Kd3 Nc8 49. Kd4 Ne7 50. Bd5 Ng6 51. Kc5 Ne7 52. Kd6
Nc8+ 53. Kd7 Ne7 54. Bf3 1/2-1/2

[Event "72nd ch-RUS 2019"]
[Site "Izhevsk RUS"]
[Date "2019.08.17"]
[Round "7"]
[White "Dreev, Aleksey"]
[Black "Predke, Alexandr"]
[Result "1/2-1/2"]
[WhiteElo "2662"]
[BlackElo "2650"]
[PlyCount "80"]
[EventDate "2019.08.10"]

1. d4 Nf6 2. c4 e6 3. Nc3 Bb4 4. Qc2 d5 5. a3 Bxc3+ 6. Qxc3 Ne4 7. Qc2 c5 8.
dxc5 Nc6 9. Nf3 Qa5+ 10. Bd2 Qxc5 11. e3 Nxd2 12. Nxd2 dxc4 13. Bxc4 O-O 14. b4
Qe7 15. O-O Bd7 16. Qb2 Rfd8 17. Be2 Be8 18. Rfd1 Rac8 19. Rac1 Nb8 20. h3 Ba4
21. Rxc8 Rxc8 22. Rc1 Rxc1+ 23. Qxc1 Qd8 24. Ne4 Bc6 25. Nc5 b6 26. Na6 Bb7 27.
Nxb8 Qxb8 28. Qd1 Qc7 29. Qa4 Qc6 30. Qxc6 Bxc6 31. h4 Kf8 32. f3 Ke7 33. e4 e5
34. Kf2 h6 35. Bc4 g5 36. hxg5 hxg5 37. Ke3 Bd7 38. g4 f6 39. Kd2 Kd6 40. Kc3
Be8 1/2-1/2

[Event "72nd ch-RUS 2019"]
[Site "Izhevsk RUS"]
[Date "2019.08.17"]
[Round "7"]
[White "Vitiugov, Nikita"]
[Black "Motylev, Alexander"]
[Result "1/2-1/2"]
[WhiteElo "2728"]
[BlackElo "2668"]
[PlyCount "109"]
[EventDate "2019.08.10"]

1. Nf3 d5 2. c4 d4 3. b4 c5 4. Bb2 Nf6 5. g3 Nbd7 6. Bg2 e5 7. O-O cxb4 8. a3
bxa3 9. Nxa3 Be7 10. e3 O-O 11. exd4 exd4 12. Nxd4 Nc5 13. Nac2 Bg4 14. Qb1
Nce4 15. Qe1 Nc5 16. Ne3 Nd3 17. Qb1 Nxb2 18. Qxb2 Bc5 19. Nb3 Bxe3 20. fxe3
Rc8 21. Rxa7 Be2 22. Rf4 Bxc4 23. Nd4 Bd3 24. Rxb7 Qd6 25. Rb6 Qc5 26. Nc6 Rc7
27. Rb8 Bg6 28. Rxf8+ Kxf8 29. Qb8+ Ne8 30. Nd4 Qd6 31. Rf1 Bd3 32. Re1 Qc5 33.
Bf1 Bg6 34. Ra1 Rc8 35. Qf4 Kg8 36. Bh3 Rd8 37. Bg2 h6 38. Nf3 Nf6 39. Nd4 Qb4
40. Rd1 Kh7 41. h3 Rc8 42. Kh2 Qb2 43. g4 Rd8 44. Qc7 Rd7 45. Qe5 Rd8 46. Kg3
Re8 47. Qc7 Qb4 48. Bf3 Ne4+ 49. Bxe4 Rxe4 50. Nf3 Re7 51. Qd8 Be4 52. Rf1 Qb7
53. Qd4 Rd7 54. Qe5 Bxf3 55. Qf5+ 1/2-1/2

[Event "72nd ch-RUS 2019"]
[Site "Izhevsk RUS"]
[Date "2019.08.17"]
[Round "7"]
[White "Tomashevsky, Evgeny"]
[Black "Artemiev, Vladislav"]
[Result "1-0"]
[WhiteElo "2706"]
[BlackElo "2757"]
[PlyCount "71"]
[EventDate "2019.08.10"]

1. d4 Nf6 2. c4 g6 3. Nf3 Bg7 4. g3 d5 5. cxd5 Nxd5 6. Bg2 Nb6 7. O-O Nc6 8. e3
O-O 9. Nc3 Re8 10. h3 e5 11. d5 Na5 12. Qc2 Nac4 13. e4 Bd7 14. b3 Nd6 15. a4
a5 16. Rd1 f5 17. Ng5 Qf6 18. Ne6 Bxe6 19. dxe6 Qxe6 20. exf5 Nxf5 21. Nb5 Nd4
22. Qxc7 Nxb5 23. axb5 e4 24. Rb1 Nd5 25. Qxb7 Nc3 26. Bb2 Rab8 27. Qa7 Qxb3
28. Bxe4 Bf6 29. Bd5+ Nxd5 30. Bxf6 Qxd1+ 31. Rxd1 Nxf6 32. Rd6 Re1+ 33. Kg2
Rf8 34. Qxa5 Re2 35. Rd2 Re5 36. Rd8 1-0

[Event "72nd ch-RUS 2019"]
[Site "Izhevsk RUS"]
[Date "2019.08.17"]
[Round "7"]
[White "Fedoseev, Vladimir3"]
[Black "Matlakov, Maxim"]
[Result "1/2-1/2"]
[WhiteElo "2671"]
[BlackElo "2710"]
[PlyCount "89"]
[EventDate "2019.08.10"]

1. e4 c5 2. Nf3 d6 3. d4 cxd4 4. Nxd4 Nf6 5. Nc3 a6 6. h3 e5 7. Nde2 h5 8. g3
Be6 9. Bg2 b5 10. Bd2 Be7 11. a4 b4 12. Nd5 Bxd5 13. exd5 a5 14. c3 Na6 15. O-O
O-O 16. cxb4 axb4 17. Nc1 h4 18. Kh2 Nd7 19. Nd3 Rb8 20. Rc1 Ndc5 21. Nxc5 Nxc5
22. Rc4 b3 23. Be3 Qd7 24. Bxc5 dxc5 25. d6 Bf6 26. Rxc5 Qxa4 27. Qe2 Rbc8 28.
Rc7 Rxc7 29. dxc7 Rc8 30. Rc1 Qd7 31. Qc4 hxg3+ 32. fxg3 e4 33. Qxb3 Rxc7 34.
Qb8+ Bd8 35. Rxc7 Qxc7 36. Qxc7 Bxc7 37. Bxe4 Bd6 38. Kg2 g6 39. g4 g5 40. Kf3
Kf8 41. Bf5 Ke7 42. Ke4 f6 43. Kd5 Bb4 44. Kc4 Be1 45. Kd5 1/2-1/2

[Event "72nd ch-RUS 2019"]
[Site "Izhevsk RUS"]
[Date "2019.08.19"]
[Round "8"]
[White "Inarkiev, Ernesto"]
[Black "Matlakov, Maxim"]
[Result "1/2-1/2"]
[WhiteElo "2682"]
[BlackElo "2710"]
[PlyCount "99"]
[EventDate "2019.08.10"]

1. e4 e5 2. Nf3 Nc6 3. Bc4 Bc5 4. c3 Nf6 5. d3 d6 6. a4 a6 7. O-O Ba7 8. Re1
O-O 9. h3 Kh8 10. Nbd2 Ng8 11. Nf1 f5 12. exf5 Bxf5 13. Be3 Bxe3 14. Nxe3 Bg6
15. d4 e4 16. Nd2 Nce7 17. Qb3 Rb8 18. Be6 Nf6 19. c4 c6 20. a5 d5 21. Qb4 Nh5
22. g3 Nf5 23. cxd5 Nxe3 24. Rxe3 cxd5 25. Rf1 b6 26. Rb3 b5 27. f4 exf3 28.
Rbxf3 Nf6 29. Nb3 Re8 30. Bf5 Bxf5 31. Rxf5 Re3 32. R5f3 Rxf3 33. Rxf3 Qd7 34.
Kg2 Re8 35. Qd2 Ne4 36. Qf4 h6 37. Nc5 Nxc5 38. dxc5 d4 39. Qd6 Qxd6 40. cxd6
Rd8 41. Rd3 Rxd6 42. Kf3 Kg8 43. Ke4 Kf7 44. h4 Ke6 45. Rxd4 Rc6 46. Kd3 Ke5
47. Re4+ Kd5 48. Rd4+ Ke5 49. Re4+ Kd5 50. Rd4+ 1/2-1/2

[Event "72nd ch-RUS 2019"]
[Site "Izhevsk RUS"]
[Date "2019.08.19"]
[Round "8"]
[White "Artemiev, Vladislav"]
[Black "Fedoseev, Vladimir3"]
[Result "1-0"]
[WhiteElo "2757"]
[BlackElo "2671"]
[PlyCount "71"]
[EventDate "2019.08.10"]

1. c4 Nf6 2. Nf3 c5 3. Nc3 d5 4. cxd5 Nxd5 5. e3 Nxc3 6. bxc3 g6 7. Bb5+ Bd7 8.
Be2 Bg7 9. d4 O-O 10. O-O Qc7 11. e4 Bg4 12. Bg5 Rd8 13. Rc1 Nc6 14. d5 Na5 15.
Nd2 Bxe2 16. Qxe2 c4 17. Nf3 b5 18. Rfd1 Re8 19. e5 Nb7 20. Rb1 a6 21. a4 Nc5
22. axb5 axb5 23. Rxb5 Nd3 24. e6 Bxc3 25. exf7+ Kxf7 26. Qe4 Qc8 27. h4 Ra6
28. Rdb1 Bf6 29. Rb6 Rxb6 30. Rxb6 Qf5 31. Qxc4 Ne5 32. Nxe5+ Qxe5 33. Bxf6
exf6 34. Rb7+ Kf8 35. d6 Qxd6 36. Qf7# 1-0

[Event "72nd ch-RUS 2019"]
[Site "Izhevsk RUS"]
[Date "2019.08.19"]
[Round "8"]
[White "Motylev, Alexander"]
[Black "Tomashevsky, Evgeny"]
[Result "1/2-1/2"]
[WhiteElo "2668"]
[BlackElo "2706"]
[PlyCount "142"]
[EventDate "2019.08.10"]

1. e4 e5 2. Nf3 Nc6 3. Bb5 a6 4. Ba4 Nf6 5. O-O Be7 6. d3 b5 7. Bb3 d6 8. a3
O-O 9. Nc3 Na5 10. Ba2 Be6 11. b4 Bxa2 12. Rxa2 Nc6 13. Bg5 Qd7 14. Bxf6 Bxf6
15. Nd5 Bd8 16. c4 Nd4 17. Ne3 Nxf3+ 18. Qxf3 Bg5 19. Nd5 Rfb8 20. Qg3 Qd8 21.
cxb5 axb5 22. Rc2 Rc8 23. Rc6 Rxa3 24. Qg4 Rxd3 25. g3 Ra8 26. h4 Rxd5 27. exd5
Bd2 28. Rd1 h5 29. Qe4 Bh6 30. Qe2 g6 31. Qxb5 e4 32. Qe2 e3 33. f4 Qe7 34. Rc3
Re8 35. Rdd3 Bg7 36. Rc4 Bf6 37. Kg2 Kg7 38. Kf3 Qd7 39. Rxe3 Ra8 40. Kg2 Qb5
41. Rc2 Qxb4 42. Qc4 Qb1 43. Rb3 Qa1 44. Rf3 Ra4 45. Qf1 Ra2 46. Rff2 Qxf1+ 47.
Kxf1 Ra1+ 48. Kg2 Bd4 49. Rf1 Ra7 50. Rd2 Ra4 51. f5 Be5 52. Rf3 Rc4 53. Ra2 f6
54. fxg6 Kxg6 55. Kh3 Rc5 56. Rd3 Rc4 57. Ra6 Kf5 58. Rc6 Rc5 59. Rxc5 dxc5 60.
Re3 c4 61. Kg2 c3 62. Re2 Bd4 63. Kf3 Be5 64. Re1 Bd6 65. Re3 Be5 66. Re2 Bd6
67. Re3 Be5 68. Re1 Bd6 69. Re2 Be5 70. Ra2 Bd4 71. Re2 Be5 1/2-1/2

[Event "72nd ch-RUS 2019"]
[Site "Izhevsk RUS"]
[Date "2019.08.19"]
[Round "8"]
[White "Predke, Alexandr"]
[Black "Vitiugov, Nikita"]
[Result "0-1"]
[WhiteElo "2650"]
[BlackElo "2728"]
[PlyCount "82"]
[EventDate "2019.08.10"]

1. d4 Nf6 2. c4 e6 3. Nc3 Bb4 4. Qc2 d5 5. cxd5 exd5 6. Bg5 h6 7. Bh4 Nc6 8. e3
g5 9. Bg3 h5 10. h4 Ne4 11. Bh2 Qe7 12. a3 Ba5 13. Nf3 g4 14. Nd2 Nxc3 15. bxc3
Qxh4 16. Bb5 Bd7 17. O-O a6 18. Bd3 Be6 19. Nb3 Bb6 20. c4 dxc4 21. Bxc4 Bxc4
22. Qxc4 Qe7 23. d5 Ne5 24. Qa4+ Kf8 25. d6 cxd6 26. Qb4 Ba7 27. Rad1 Rh6 28.
Rd5 Rc8 29. Rfd1 Rc4 30. Qd2 Rg6 31. Bxe5 dxe5 32. Rd7 Qe6 33. Rxb7 Bb6 34. Qd7
g3 35. Qxe6 Rxe6 36. Rdd7 Rf6 37. fxg3 Bxe3+ 38. Kh2 h4 39. Nd2 hxg3+ 40. Kh3
Rcf4 41. Nf3 Bf2 0-1

[Event "72nd ch-RUS 2019"]
[Site "Izhevsk RUS"]
[Date "2019.08.19"]
[Round "8"]
[White "Jakovenko, Dmitry"]
[Black "Dreev, Aleksey"]
[Result "1/2-1/2"]
[WhiteElo "2704"]
[BlackElo "2662"]
[PlyCount "91"]
[EventDate "2019.08.10"]

1. c4 c6 2. Nf3 d5 3. g3 dxc4 4. Bg2 Bf5 5. O-O Nd7 6. Na3 Nb6 7. Ne5 g6 8.
Naxc4 Bg7 9. a4 Nf6 10. Ne3 Be4 11. f3 Bd5 12. a5 Nbd7 13. d4 O-O 14. Nxd5 Nxd5
15. f4 e6 16. Qb3 Nxe5 17. dxe5 Qe7 18. Bd2 Rfd8 19. Rfc1 Bf8 20. Be1 Rac8 21.
Ra4 c5 22. Rac4 Qd7 23. Rd1 Qc6 24. Qa4 Qxa4 25. Rxa4 Ne3 26. Rxd8 Rxd8 27. Bf3
b5 28. axb6 axb6 29. Ra8 Rxa8 30. Bxa8 c4 31. Bc6 Bc5 32. Bc3 Kg7 33. Bb5 h6
34. Kf2 Nd1+ 35. Kf3 Nxc3 36. bxc3 Ba3 37. Ke4 Bb2 38. Kd4 Ba3 39. Bxc4 Bc5+
40. Ke4 Bg1 41. Kf3 Bc5 42. g4 Kf8 43. h3 g5 44. f5 Ke7 45. Ke4 Bf2 46. Bb5
1/2-1/2

[Event "72nd ch-RUS 2019"]
[Site "Izhevsk RUS"]
[Date "2019.08.19"]
[Round "8"]
[White "Alekseenko, Kirill"]
[Black "Sarana, Alexey"]
[Result "1/2-1/2"]
[WhiteElo "2668"]
[BlackElo "2655"]
[PlyCount "81"]
[EventDate "2019.08.10"]

1. e4 c5 2. Nf3 d6 3. d4 cxd4 4. Nxd4 Nf6 5. Nc3 a6 6. h3 e5 7. Nde2 h5 8. g3
Be7 9. Bg2 b5 10. Nd5 Nxd5 11. Qxd5 Ra7 12. Be3 Rb7 13. a3 Qc7 14. Qd2 Nd7 15.
Nc3 Nf6 16. Bg5 Be6 17. f4 Ng8 18. h4 f6 19. f5 fxg5 20. fxe6 g4 21. O-O Qc8
22. a4 Nf6 23. axb5 axb5 24. Nd5 O-O 25. Nxf6+ Bxf6 26. Qxd6 Rd8 27. Qa6 Re7
28. c3 b4 29. cxb4 Rxe6 30. Qa2 Qc6 31. b5 Qb6+ 32. Kh2 Kh7 33. Qc4 Re7 34. Ra6
Qd4 35. b3 Qe3 36. Rf5 Rd1 37. Rxh5+ Kg6 38. Rg5+ Kh7 39. Rh5+ Kg6 40. Rg5+ Kh7
41. Rh5+ 1/2-1/2

[Event "Sinquefield Cup 2019"]
[Site "Saint Louis USA"]
[Date "2019.08.17"]
[Round "1"]
[White "Carlsen, Magnus"]
[Black "Giri, Anish"]
[Result "1/2-1/2"]
[WhiteElo "2882"]
[BlackElo "2779"]
[PlyCount "72"]
[EventDate "2019.08.17"]

1. c4 Nf6 2. Nc3 e5 3. Nf3 Nc6 4. e4 Bb4 5. d3 d6 6. Be2 Bg4 7. a3 Bc5 8. b4
Bb6 9. Be3 Bxf3 10. Bxf3 Nd4 11. Na4 Nxf3+ 12. Qxf3 Bxe3 13. Qxe3 O-O 14. O-O
Re8 15. Nc3 a5 16. b5 c6 17. Rab1 d5 18. Na4 Qe7 19. bxc6 bxc6 20. cxd5 cxd5
21. Nb6 Rad8 22. Rb5 Qxa3 23. exd5 e4 24. dxe4 Qxe3 25. fxe3 Rxe4 26. Rxa5 Rb4
27. Ra8 Rxa8 28. Nxa8 Nxd5 29. Rd1 Rb8 30. Rxd5 Rxa8 31. Kf2 Kf8 32. Kf3 h6 33.
Kf2 Ra2+ 34. Kf3 Ra8 35. Kf2 Ra2+ 36. Kf3 Ra8 1/2-1/2

[Event "Sinquefield Cup 2019"]
[Site "Saint Louis USA"]
[Date "2019.08.17"]
[Round "1"]
[White "Nakamura, Hikaru"]
[Black "Caruana, Fabiano"]
[Result "1/2-1/2"]
[WhiteElo "2743"]
[BlackElo "2818"]
[PlyCount "85"]
[EventDate "2019.08.17"]

1. e4 e5 2. Nf3 Nc6 3. Bb5 a6 4. Ba4 Nf6 5. O-O Nxe4 6. d4 Be7 7. Re1 b5 8.
Rxe4 d5 9. Nxe5 Nxe5 10. Rxe5 bxa4 11. b3 Be6 12. Ba3 Bxa3 13. Nxa3 O-O 14. Nb1
Qd6 15. Nc3 axb3 16. axb3 c5 17. Ne2 f6 18. Re3 c4 19. Ng3 cxb3 20. cxb3 g6 21.
Qf3 Bf7 22. h3 Rfe8 23. Rxe8+ Rxe8 24. Qd3 Re6 25. Nf1 Qb6 26. Ne3 Rc6 27. h4
Kg7 28. h5 Qb4 29. Ng4 Be6 30. h6+ Kf7 31. Ne3 a5 32. Qd1 Rc3 33. Ra4 Qxb3 34.
Qxb3 Rxb3 35. Rxa5 g5 36. Ra7+ Kg6 37. Ra6 Kf7 38. g4 Rb4 39. Ra7+ Kg6 40. Ra6
Kf7 41. Ra7+ Kg6 42. Ra6 Kf7 43. Ra7+ 1/2-1/2

[Event "Sinquefield Cup 2019"]
[Site "Saint Louis USA"]
[Date "2019.08.17"]
[Round "1"]
[White "Ding, Liren"]
[Black "So, Wesley"]
[Result "1/2-1/2"]
[WhiteElo "2805"]
[BlackElo "2776"]
[PlyCount "79"]
[EventDate "2019.08.17"]

1. c4 Nf6 2. g3 e6 3. Bg2 d5 4. Nf3 Be7 5. O-O O-O 6. d4 dxc4 7. Qc2 a6 8. a4
c5 9. dxc5 Bxc5 10. Qxc4 b6 11. Ne5 Ra7 12. Nd3 Be7 13. Bf4 Bb7 14. Bxb7 Rxb7
15. Rc1 Nd5 16. Be5 Bd6 17. Nd2 Bxe5 18. Nxe5 b5 19. Qd4 bxa4 20. Rxa4 Qb6 21.
Nd3 Rd8 22. Ne4 Nd7 23. Nec5 Nxc5 24. Rxc5 Nf4 25. Qxf4 Rxd3 26. Rc8+ Rd8 27.
Rac4 h6 28. R4c6 Rxc8 29. Rxc8+ Kh7 30. Qe4+ f5 31. Qc4 Qb3 32. Qxb3 Rxb3 33.
Rc6 Rxb2 34. Rxe6 a5 35. Ra6 Rxe2 36. Rxa5 Kg6 37. Ra6+ Kh7 38. Ra5 Kg6 39.
Ra6+ Kh7 40. Ra5 1/2-1/2

[Event "Sinquefield Cup 2019"]
[Site "Saint Louis USA"]
[Date "2019.08.17"]
[Round "1"]
[White "Aronian, Levon"]
[Black "Vachier-Lagrave, Maxime"]
[Result "1/2-1/2"]
[WhiteElo "2765"]
[BlackElo "2778"]
[PlyCount "50"]
[EventDate "2019.08.17"]

1. d4 Nf6 2. Nf3 g6 3. Nbd2 d5 4. e3 Bg7 5. b4 a5 6. b5 c5 7. bxc6 Nxc6 8. Be2
O-O 9. O-O Bf5 10. c3 Qc7 11. a4 e5 12. Ba3 Rfc8 13. Rc1 e4 14. Nh4 Be6 15. g3
g5 16. Ng2 Qd7 17. f3 exf3 18. Bxf3 Bf5 19. Qb3 Bd3 20. Rf2 Qe6 21. Qd1 b6 22.
Nf1 Be4 23. Nd2 Bd3 24. Nf1 Be4 25. Nd2 Bd3 1/2-1/2

[Event "Sinquefield Cup 2019"]
[Site "Saint Louis USA"]
[Date "2019.08.17"]
[Round "1"]
[White "Karjakin, Sergey"]
[Black "Mamedyarov, Shakhriyar"]
[Result "1/2-1/2"]
[WhiteElo "2750"]
[BlackElo "2764"]
[PlyCount "61"]
[EventDate "2019.08.17"]

1. e4 d5 2. exd5 Qxd5 3. Nc3 Qa5 4. d4 Nf6 5. Nf3 Bf5 6. Bd2 e6 7. Bc4 Bb4 8.
a3 Bxc3 9. Bxc3 Qb6 10. d5 exd5 11. Bxd5 Be6 12. Bxe6 Qxe6+ 13. Qe2 Qxe2+ 14.
Kxe2 Nbd7 15. Rhe1 O-O-O 16. Kf1 h6 17. Re7 Rhf8 18. Bxf6 Nxf6 19. Ne5 Rfe8 20.
Rxe8 Rxe8 21. Nxf7 Ng4 22. f3 Ne3+ 23. Kf2 Nxc2 24. Rc1 Re7 25. Rxc2 Rxf7 26.
Ke3 Kd7 27. Rd2+ Ke7 28. Rc2 Kd7 29. Rd2+ Ke7 30. Rc2 Kd7 31. Rd2+ 1/2-1/2

[Event "Sinquefield Cup 2019"]
[Site "Saint Louis USA"]
[Date "2019.08.18"]
[Round "2"]
[White "Anand, Viswanathan"]
[Black "Carlsen, Magnus"]
[Result "1/2-1/2"]
[WhiteElo "2756"]
[BlackElo "2882"]
[PlyCount "89"]
[EventDate "2019.08.17"]

1. e4 c5 2. Nf3 Nc6 3. Bb5 g6 4. Bxc6 bxc6 5. d4 Bg7 6. dxc5 Qa5+ 7. Nbd2 Qxc5
8. O-O d6 9. Re1 f6 10. a3 Nh6 11. b4 Qh5 12. c4 O-O 13. Qa4 Bd7 14. Nf1 Nf7
15. Ng3 Qg4 16. c5 e5 17. cxd6 c5 18. Qb3 cxb4 19. axb4 Qe6 20. Qxe6 Bxe6 21.
Be3 a6 22. Rec1 Rfd8 23. Nd2 Bf8 24. Nc4 Rac8 25. Bc5 Bxc4 26. Rxc4 Nxd6 27.
Rcc1 Rc6 28. f3 Nb5 29. Bxf8 Rxc1+ 30. Rxc1 Kxf8 31. Nf1 Nd4 32. Rc4 Ke7 33.
Ne3 Kd6 34. Rc5 Nc6 35. Rd5+ Ke7 36. b5 axb5 37. Rxb5 Rb8 38. Rxb8 Nxb8 39. Kf2
Ke6 40. g3 Nd7 41. Nc4 Nc5 42. Ke3 Nd7 43. Kf2 Nc5 44. Ke3 Nd7 45. Kf2 1/2-1/2

[Event "Sinquefield Cup 2019"]
[Site "Saint Louis USA"]
[Date "2019.08.18"]
[Round "2"]
[White "Caruana, Fabiano"]
[Black "Nepomniachtchi, Ian"]
[Result "1/2-1/2"]
[WhiteElo "2818"]
[BlackElo "2774"]
[PlyCount "70"]
[EventDate "2019.08.17"]

1. e4 c5 2. Nf3 d6 3. d4 cxd4 4. Nxd4 Nf6 5. Nc3 a6 6. h3 e5 7. Nb3 Be7 8. g4
b5 9. g5 Nfd7 10. h4 Nb6 11. Be3 Be6 12. Bxb6 Qxb6 13. Qf3 b4 14. Nd5 Bxd5 15.
exd5 Nd7 16. O-O-O a5 17. Kb1 a4 18. Nd2 Nc5 19. Bd3 b3 20. cxb3 axb3 21. a3
Ra4 22. Ne4 Nxe4 23. Bxe4 O-O 24. Rhg1 Qa7 25. h5 g6 26. Rd3 Rb8 27. hxg6 hxg6
28. Qg2 Bf8 29. f3 Rc4 30. Rh1 Qc7 31. Qh2 Bg7 32. Qe2 Bf8 33. Qh2 Bg7 34. Qe2
Bf8 35. Qh2 Bg7 1/2-1/2

[Event "Sinquefield Cup 2019"]
[Site "Saint Louis USA"]
[Date "2019.08.18"]
[Round "2"]
[White "Karjakin, Sergey"]
[Black "Ding, Liren"]
[Result "1/2-1/2"]
[WhiteElo "2750"]
[BlackElo "2805"]
[PlyCount "70"]
[EventDate "2019.08.17"]

1. e4 e5 2. Nf3 Nc6 3. Bb5 a6 4. Ba4 Nf6 5. O-O Be7 6. Re1 b5 7. Bb3 O-O 8. c3
d5 9. exd5 Nxd5 10. Nxe5 Nxe5 11. Rxe5 c6 12. d3 Bd6 13. Re1 Bf5 14. Qf3 Qh4
15. g3 Qh3 16. Be3 Bxd3 17. Nd2 Qf5 18. Bd4 Rfd8 19. a4 h6 20. h4 Rac8 21. axb5
axb5 22. Bxd5 cxd5 23. Ra5 Qxf3 24. Nxf3 Re8 25. b4 f6 26. Ra6 Bf8 27. Ra7 Ra8
28. Rxe8 Rxe8 29. h5 Be2 30. Kg2 Bd6 31. Rd7 Re6 32. Bc5 Be5 33. Bd4 Bd6 34.
Bc5 Be5 35. Bd4 Bd6 1/2-1/2

[Event "Sinquefield Cup 2019"]
[Site "Saint Louis USA"]
[Date "2019.08.18"]
[Round "2"]
[White "Giri, Anish"]
[Black "Aronian, Levon"]
[Result "1/2-1/2"]
[WhiteElo "2779"]
[BlackElo "2765"]
[PlyCount "105"]
[EventDate "2019.08.17"]

1. e4 e5 2. Nf3 Nc6 3. Bc4 Nf6 4. d3 Bc5 5. O-O d6 6. c3 a6 7. a4 O-O 8. Nbd2
Ba7 9. h3 h6 10. Re1 Re8 11. b4 Be6 12. Bxe6 Rxe6 13. Qc2 Qd7 14. Nf1 d5 15.
Be3 d4 16. cxd4 Nxd4 17. Bxd4 Bxd4 18. Nxd4 Qxd4 19. Qxc7 Qxd3 20. Qxb7 Qd8 21.
Red1 Qb8 22. Qxb8+ Rxb8 23. f3 Rxb4 24. Ne3 g6 25. a5 Rb5 26. Rdb1 Rc5 27. Rb6
Kf8 28. Ra2 h5 29. h4 Nd7 30. Rb7 Rc1+ 31. Kh2 Nc5 32. Rb8+ Re8 33. Rb6 Re6 34.
Nd5 Rxb6 35. axb6 Rb1 36. Ra5 Nd7 37. Rxa6 Rb2 38. Kg1 Kg7 39. Kh2 Kf8 40. Kg3
Kg7 41. Kh3 Kf8 42. g4 hxg4+ 43. fxg4 Nc5 44. Ra8+ Kg7 45. g5 Nxe4 46. Rd8 Kh7
47. Rb8 Rb5 48. b7 Rb2 49. Ne7 Nd6 50. Ng8 Ne4 51. Ne7 Nd6 52. Nd5 Ne4 53. Ne7
1/2-1/2

[Event "Sinquefield Cup 2019"]
[Site "Saint Louis USA"]
[Date "2019.08.18"]
[Round "2"]
[White "Vachier-Lagrave, Maxime"]
[Black "So, Wesley"]
[Result "1/2-1/2"]
[WhiteElo "2778"]
[BlackElo "2776"]
[PlyCount "85"]
[EventDate "2019.08.17"]

1. e4 e5 2. Nf3 Nc6 3. Bc4 Bc5 4. c3 Nf6 5. d3 d6 6. O-O a6 7. a4 Ba7 8. Re1
O-O 9. h3 Kh8 10. d4 Ng8 11. b4 exd4 12. cxd4 Nxb4 13. Nc3 a5 14. Bf4 f6 15.
Qb3 Ne7 16. Rad1 c6 17. Bc1 d5 18. exd5 Bf5 19. dxc6 Bc2 20. cxb7 Rb8 21. Qa3
Bxd1 22. Rxd1 Nf5 23. Nb5 Nd6 24. Bf1 Nxb5 25. axb5 Rxb7 26. Bd2 Nc2 27. Qa4
Nxd4 28. Nxd4 Qxd4 29. Qxd4 Bxd4 30. Bxa5 Bb6 31. Bxb6 Rxb6 32. g3 g6 33. Rd7
Rfb8 34. Bc4 R8b7 35. Rd8+ Kg7 36. Bd5 Rxb5 37. Bxb7 Rxb7 38. Kg2 h5 39. h4 Ra7
40. Rc8 Rb7 41. Rd8 Ra7 42. Rc8 Rb7 43. Rd8 1/2-1/2

[Event "Sinquefield Cup 2019"]
[Site "Saint Louis USA"]
[Date "2019.08.18"]
[Round "2"]
[White "Mamedyarov, Shakhriyar"]
[Black "Nakamura, Hikaru"]
[Result "1/2-1/2"]
[WhiteElo "2764"]
[BlackElo "2743"]
[PlyCount "88"]
[EventDate "2019.08.17"]

1. d4 Nf6 2. c4 e6 3. Nf3 d5 4. Nc3 Be7 5. Bf4 O-O 6. e3 c5 7. dxc5 Bxc5 8. Qc2
Nc6 9. a3 Qa5 10. O-O-O Be7 11. Rg1 a6 12. g4 dxc4 13. Bxc4 b5 14. g5 Nh5 15.
Bd3 b4 16. Bxh7+ Kh8 17. Be4 bxc3 18. Bxc6 cxb2+ 19. Kb1 Qxa3 20. Qxb2 Qxb2+
21. Kxb2 Ra7 22. Bd6 Bxd6 23. Rxd6 Bb7 24. Ne5 Bxc6 25. Rxc6 Rb8+ 26. Kc2 a5
27. Rb1 Rd8 28. Rbb6 Kh7 29. f4 Rda8 30. Kb3 a4+ 31. Ka3 f6 32. Nf3 Rd7 33. Rd6
Rxd6 34. Rxd6 Rc8 35. gxf6 gxf6 36. Rxe6 Nxf4 37. exf4 Rc3+ 38. Kxa4 Rxf3 39.
Rxf6 Kg7 40. Rb6 Rxf4+ 41. Rb4 Rxb4+ 42. Kxb4 Kg6 43. h3 Kh5 44. h4 Kxh4
1/2-1/2

[Event "Sinquefield Cup 2019"]
[Site "Saint Louis USA"]
[Date "2019.08.19"]
[Round "3"]
[White "Aronian, Levon"]
[Black "Anand, Viswanathan"]
[Result "1/2-1/2"]
[WhiteElo "2765"]
[BlackElo "2756"]
[PlyCount "83"]
[EventDate "2019.08.17"]

1. e4 e5 2. Nf3 Nc6 3. Bc4 Bc5 4. d3 Nf6 5. O-O h6 6. c3 d6 7. Re1 O-O 8. h3 a6
9. a4 a5 10. d4 Bb6 11. Be3 exd4 12. cxd4 d5 13. exd5 Nxd5 14. Bxd5 Qxd5 15.
Nc3 Qd8 16. d5 Bxe3 17. dxc6 Qxd1 18. Raxd1 Bc5 19. Ne5 bxc6 20. Nxc6 Bb7 21.
Ne7+ Kh7 22. Rd7 Bd6 23. Rd1 Rab8 24. Nb5 Bxe7 25. Rxe7 Bc6 26. Nc3 Rb4 27.
Rxc7 Bxa4 28. Nxa4 Rxa4 29. Rb7 Rf4 30. g3 Rf6 31. Rb5 Ra8 32. Ra1 Rc8 33.
Raxa5 Rc2 34. Rf5 Rxb2 35. Rxf6 gxf6 36. Ra4 Rb3 37. Kg2 Kg7 38. Rg4+ Kh7 39.
Rf4 Kg7 40. Rg4+ Kh7 41. Rf4 Kg7 42. Rg4+ 1/2-1/2

[Event "Sinquefield Cup 2019"]
[Site "Saint Louis USA"]
[Date "2019.08.19"]
[Round "3"]
[White "Carlsen, Magnus"]
[Black "Caruana, Fabiano"]
[Result "1/2-1/2"]
[WhiteElo "2882"]
[BlackElo "2818"]
[PlyCount "85"]
[EventDate "2019.08.17"]

1. d4 Nf6 2. c4 e6 3. Nf3 d5 4. Nc3 dxc4 5. e4 Bb4 6. Bxc4 Nxe4 7. O-O Nf6 8.
Qa4+ Nc6 9. Ne5 Bd6 10. Nxc6 bxc6 11. Qxc6+ Bd7 12. Qf3 O-O 13. Bg5 h6 14. Bh4
Rb8 15. b3 Rb6 16. Ne4 Be7 17. Nxf6+ Bxf6 18. Bxf6 Qxf6 19. Qxf6 gxf6 20. d5 e5
21. Rfc1 a5 22. Be2 c6 23. dxc6 Rxc6 24. Rxc6 Bxc6 25. Rc1 Bd7 26. Rc5 Ra8 27.
f4 exf4 28. Bf3 Ra6 29. Kf2 Be6 30. Be2 Ra8 31. Bf3 Ra6 32. Bb7 Ra7 33. Be4 Kg7
34. Kf3 a4 35. Bc2 axb3 36. Bxb3 Rb7 37. Kxf4 Bxb3 38. axb3 Rxb3 39. g3 Rb4+
40. Kf3 Rb3+ 41. Kf4 Rb4+ 42. Kf3 Rb3+ 43. Kf4 1/2-1/2